Espíritu federal (Record no. 177373)

MARC details
000 -LEADER
campo de control de longitud fija 00959nam a2200301 4500
001 - NÚMERO DE CONTROL
campo de control 177373
003 - IDENTIFICADOR DE NÚMERO DE CONTROL
campo de control ES-MaACL
005 - FECHA Y HORA DE LA ÚLTIMA TRANSACCIÓN
campo de control 20250716000610.0
008 - DATOS DE LONGITUD FIJA--INFORMACIÓN GENERAL
campo de control de longitud fija 110318s2009 sp |||| | spa d
017 ## - NÚMERO DE COPYRIGHT O DE DEPÓSITO LEGAL
Número de copyright o de depósito legal B-33.975-2009
020 ## - NÚMERO INTERNACIONAL ESTÁNDAR DEL LIBRO
Número Internacional Estándar del Libro 9788498676549
080 ## - NÚMERO DE LA CLASIFICACIÓN DECIMAL UNIVERSAL
Número de la Clasificación Decimal Universal 32(460.23)
080 ## - NÚMERO DE LA CLASIFICACIÓN DECIMAL UNIVERSAL
Número de la Clasificación Decimal Universal 323.172
100 1# - ENTRADA PRINCIPAL--NOMBRE DE PERSONA
Nombre de persona Maragall, Pasqual.
9 (RLIN) 141309
245 10 - MENCIÓN DEL TÍTULO
Título Espíritu federal
Resto del título : escritos políticos /
Mención de responsabilidad, etc. Pasqual Maragall ; [prólogo de Javier Pérez Royo].
250 ## - MENCION DE EDICION
Mención de edición 1ª ed.
260 ## - PUBLICACIÓN, DISTRIBUCIÓN, ETC.
Lugar de publicación, distribución, etc. Barcelona :
Nombre del editor, distribuidor, etc. RBA,
Fecha de publicación, distribución, etc. 2009.
300 ## - DESCRIPCIÓN FÍSICA
Extensión 346 p. ;
Dimensiones 24 cm.
490 1# - MENCIÓN DE SERIE
Mención de serie RBA temas de actualidad
650 04 - PUNTO DE ACCESO ADICIONAL DE MATERIA--TÉRMINO DE MATERIA
Término de materia o nombre geográfico como elemento de entrada Federalismo
9 (RLIN) 12738
651 #7 - PUNTO DE ACCESO ADICIONAL DE MATERIA--NOMBRE GEOGRÁFICO
Nombre geográfico Cataluña-
Subdivisión general Política y gobierno.
9 (RLIN) 8025
700 1# - ENTRADA AGREGADA--NOMBRE PERSONAL
Nombre de persona Pérez Royo, Javier.
9 (RLIN) 91125
830 00 - PUNTO DE ACCESO ADICIONAL DE SERIE-TÍTULO UNIFORME
Título uniforme RBA temas de actualidad
9 (RLIN) 190483
852 ## - LOCALIZACIÓN
Ubicación ES-MaACL
itemnumber 184191
Sublocalización o colección R-145591
Número de control de estantería A-11048
Signatura antigua Olim: N-4053
Ubicación en estantería Depósito 1
942 ## - ELEMENTOS DE ENTRADA SECUNDARIOS (KOHA)
Fuente del sistema de clasificación o colocación Clasificación decimal universal
Tipo de ítem Koha Libro impreso
Holdings
Estatus retirado Estado de pérdida Fuente del sistema de clasificación o colocación Estado de daño No para préstamo Biblioteca de origen Biblioteca actual Ubicación en estantería Fecha de adquisición Fuente de adquisición Total de préstamos Signatura topográfica completa Código de barras Visto por última vez Precio de reemplazo Tipo de ítem Koha
    Clasificación decimal universal     Biblioteca del Ateneo de Madrid Biblioteca del Ateneo de Madrid Depósito 1 18/03/2011 Compra   A-11048 1186295 23/02/2023 23/02/2023 Libro impreso